000 00576nam a2200217Ia 4500
999 _c2580
_d2580
003 0100
008 130227s9999 xx 000 0 und d
040 _cARRUPELIB
050 _aGN650.C65 1998
245 _aConflict, age and power in North East Africa:
_bage systems in transition /
260 _aOxford
_bJames Currey Limited
_c1998
300 _axiv
300 _b 270p. 23cm.
440 _aEastern African Studies
_930694
650 _aAging
_zAfrica North-east
_938034
650 _aAging
_xPolitical aspects
_zAfrica, North-east
_938035
650 _aKinship
_zAfrica North-east
_938036
650 _aSocial conflict
_zAfrica North-east
_938037
700 _aKurimoto, Eisei ; Simonse, Simon eds.
_938038
942 _2lcc
_cMONOGRAPH